Best countries by quality of life - Statistics

General Stats
  • This quiz has been taken 142 times
  • The average score is 26 of 30
Answer Stats
# Continent City % Correct
6 Europe Switzerland
97%
21 Oceania Australia
96%
28 Europe France
96%
13 Asia Japan
95%
1 Europe Netherlands
95%
10 Europe Spain
94%
22 Europe United Kingdom
94%
16 North America United States
94%
3 Europe Iceland
93%
17 Oceania New Zealand
93%
26 North America Canada
92%
4 Europe Denmark
92%
9 Europe Norway
92%
14 Europe Sweden
92%
8 Europe Austria
91%
5 Europe Finland
91%
28 Asia Singapore
91%
12 Europe Germany
89%
20 Europe Portugal
88%
26 Europe Belgium
87%
28 Europe Ireland
86%
1 Europe Luxembourg
86%
15 Asia United Arab Emirates
84%
23 Europe Czechia
82%
11 Europe Estonia
79%
19 Asia Qatar
79%
18 Europe Slovenia
76%
25 Europe Lithuania
74%
24 Europe Croatia
70%
7 Asia Oman
53%
No matching quizzes found
Score Distribution
Percent of People with Each Score
Percentile by Number Answered
Your Score History
You have not taken this quiz